=LDR 00000nam 2200000 4500 =001 INLIS000000000003370 =005 20220131025107 =035 ##$$a 0010-0122002045 =245 1#$$a Laporan Kuliah Kerja Praktek (KKP) Proses Pengolahan CPO dan PKO pada Unit Usaha PT. Perkebunan Nusantara XIV Lumu Timur : $b Kuliah Kerja Praktek /$c Sefriani Tampandaja =100 1#$$a TAMPANDAJA, Sefriani =250 ##$$a 2017 =300 ##$$a x, 53 halaman : $b Tabel, gambar ; $c 20x29,5 cm =856 ##$$a OPAC (Rak KKP T&MI 2017) =260 ##$$a Makassar :$b Politeknik ATI Makassar - Teknik dan Manajemen Industri,$c 2017 =082 ##$$a (R)2017 LKKP-T&MI 818 =084 ##$$a (R)2017 LKKP-T&MI 818 TAM l =650 #4$$a Laporan Praktek T&MI 2017 =500 ##$$a Laporan Praktek T&MI 2017 =008 220131################|##########|#|## =990 ##$$a 144/LKKP T&MI 2017